000 02146cam a2200313 i 4500
999 _c130407
_d130407
001 20355942
003 ARRUPE
005 20200313152859.0
008 180213t20182018mnu b 000 1 eng c
010 _a 2018934484
016 7 _a019125138
_2Uk
020 _a9781555978174
_q(hardcover)
020 _a1555978177
_q(hardcover)
035 _a(OCoLC)on1019928794
040 _aYDX
_beng
_cYDX
_erda
_dBDX
_dGK8
_dOCLCF
_dHQD
_dDAD
_dOCLCO
_dUAP
_dOEK
_dSSH
_dNGP
_dTXN
_dJTH
_dZHB
_dOQX
_dTCH
_dACN
_dILC
_dJP3
_dOCLCO
_dKVIJL
_dPFLCL
_dZGR
_dUAB
_dRIOSL
_dKFW
_dOCLCQ
_dOSU
_dXII
_dWLU
_dNHP
_dIFJ
_dYDX
_dDF$
_dMOU
_dB@L
_dLE@
_dYT5
_dCUY
_dEYM
_dFSP
_dIPL
_dCG4
_dYUS
_dQS5
_dWC$
_dUPM
_dJJG
_dHZT
_dBELLA
_dKYC
_dILE
_dIPM
_dIEB
_dOCLCQ
_dIAD
_dNYP
_dGUA
_dTY2
_dFMA
_dTUL
_dRKWLC
_dW8A
_dUKMGB
_dTS4
_dTXSCH
_dT3Q
_dIOS
_dCGL
_dTXHLC
_dYKC
_dZHC
_dXK4
_dOY4
_dOJ4
_dON8
_dGDC
_dUP5
_dGL9
_dLD5
_dTXL
_dZAC
_dCRP
_dTME
_dT7X
_dOCLCQ
_dOCL
_dDKC
_dNJB
_dFLQ
_dOCLCO
_dCTX
_dXMC
_dDE#
_dOCLCO
_dOO3
_dHAO
_dCOO
_dTXENN
_dOCLCO
_dFBR
_dALAUL
_dOCLCO
_dFWP
_dIXA
_dDLC
042 _apcc
043 _af-lb---
050 0 0 _aPR9384.9.M91
_bS5 2018
082 0 0 _a813/.6
_223
100 1 _aMoore, Wayétu,
_949667
245 1 0 _aShe would be king :
_cWayétu Moore.
260 _aLondon
_bPushkin Press
_c2018
300 _a360p. ;
_c22 cm
504 _aIncludes bibliographical references.
520 _aGbessa, exiled from the West African village of Lai, is starved, bitten by a viper, and left for dead, but still she survives. June Dey, raised on a plantation in Virginia, hides his unusual strength until a confrontation with the overseer forces him to flee. Norman Aragon, child of a white British colonizer and a Maroon slave from Jamaica, can fade from sight when the earth calls him. When the three meet in the settlement of Monrovia, their gifts help them salvage the tense relationship between the African American settlers and the indigenous tribes, as a new nation forms around them. -- Adapted from jacket.
906 _a7
_bcbc
_cpccadap
_d2
_encip
_f20
_gy-gencatlg
942 _2lcc
_cMONOGRAPH